Экономика и организация производства в дипломных проектах по технологическим специальностям: учебное пособие для вузов

Detaylı Bibliyografya
Diğer Yazarlar: Геворкян А. М. Ашот Мушегович (редактор), Карасева А. А. Алла Александровна
Özet:Авт. указаны на обороте тит. листа
Dil:Rusça
Baskı/Yayın Bilgisi: Москва, Высшая школа, 1982
Seri Bilgileri:Высшее образование
Konular:
Materyal Türü: Kitap
KOHA link:https://koha.lib.tpu.ru/cgi-bin/koha/opac-detail.pl?biblionumber=48705

MARC

LEADER 00000nam0a2200000 4500
001 48705
005 20231031032139.0
035 |a (RuTPU)RU\TPU\book\51007 
090 |a 48705 
100 |a 20030320d1982 m y0rusy50 ca 
101 0 |a rus 
102 |a RU 
105 |a y j 001zy 
200 1 |a Экономика и организация производства в дипломных проектах по технологическим специальностям  |e учебное пособие для вузов  |f Под ред. А. М. Геворкяна, А. А. Карасевой 
210 |a Москва  |c Высшая школа  |d 1982 
215 |a 136 с. 
225 1 |a Высшее образование 
300 |a Авт. указаны на обороте тит. листа 
320 |a Библиогр.: с. 131-132 
610 1 |a машиностроительные заводы 
610 1 |a дипломное проектирование 
610 1 |a экономическая часть 
610 1 |a учебные пособия 
675 |a 621.001.2(075.8)  |v 3 
702 1 |a Геворкян  |b А. М.  |g Ашот Мушегович  |4 340 
702 1 |a Карасева  |b А. А.  |g Алла Александровна  |4 340 
801 1 |a RU  |b 63413507  |c 20030320  |g PSBO 
801 2 |a RU  |b 63413507  |c 20210311  |g PSBO 
942 |c BK